[Event "TUN-chTB"]
[Site "Hammamet"]
[Date "2019.02.09"]
[Round "1.1"]
[White "Tamzali, Baccar"]
[Black "Shili, Abderrazek"]
[Result "1-0"]
[WhiteElo "1915"]
[BlackElo "1671"]
[PlyCount "66"]
[EventDate "2019.02.09"]
[EventType "team-tourn"]
[EventRounds "11"]
[EventCountry "TUN"]
[SourceTitle "EXT 2021"]
[Source "ChessBase"]
[SourceDate "2020.10.23"]
[SourceVersion "1"]
[SourceVersionDate "2020.10.23"]
[SourceQuality "1"]

1. d4 Nf6 2. Bf4 d6 3. Nc3 Nbd7 4. Nf3 c5 5. e3 g6 6. h3 a6 7. a4 Bg7 8. Be2 0-0 9. 0-0 Re8 10. Bh2 cxd4 11. exd4 Qa5 12. Nd2 Qc7 13. Nc4 Nb6 14. Ne3 Be6 15. d5 Bc8 16. Re1 Nbd7 17. Ra3 Rb8 18. a5 b5 19. axb6 Nxb6 20. Bxa6 Bxa6 21. Rxa6 Nc4 22. Rc6 Nxe3 23. Rxe3 Qa5 24. b3 Rb7 25. Rc4 h5 26. Ra4 Qc5 27. Ne4 Nxe4 28. Raxe4 Ra7 29. Re1 Rea8 30. Qd3 Ra2 31. Qc4 Rxc2 32. Qxc5 Rxc5 33. Rxe7 Rxd5 1-0

[Event "El Golaa op 1st"]
[Site "Douz Kebeli "]
[Date "2017.01.17"]
[Round "1"]
[White "Shili, Abderrazek"]
[Black "Bouzidi, Ahmed"]
[Result "0-1"]
[WhiteElo "1716"]
[BlackElo "2256"]
[PlyCount "80"]
[EventDate "2017.01.17"]
[EventType "swiss"]
[EventRounds "9"]
[EventCountry "TUN"]
[SourceTitle "EXT 2018"]
[Source "ChessBase"]
[SourceDate "2017.10.13"]
[SourceVersion "1"]
[SourceVersionDate "2017.10.13"]
[SourceQuality "1"]

1. e4 e5 2. Nf3 Nc6 3. Bc4 Bc5 4. d3 d6 5. Bg5 Nge7 6. c3 Bg4 7. h3 Be6 8. Bxe6 fxe6 9. Qb3 Qd7 10. Bxe7 Nxe7 11. Nbd2 0-0 12. 0-0 c6 13. d4 exd4 14. cxd4 Bb6 15. Rad1 Rab8 16. Nc4 Bc7 17. Ne3 d5 18. e5 Ng6 19. Qc2 Qe7 20. Ng4 Rxf3 21. gxf3 Qh4 22. Qd2 Qxh3 23. Nh2 Nh4 24. Qg5 Qxh2+ 25. Kxh2 Nxf3+ 26. Kg2 Nxg5 27. f4 Ne4 28. f5 Re8 29. Rd3 c5 30. dxc5 Nxc5 31. Rc3 Bb6 32. Rfc1 Nd7 33. Rc8 Rxc8 34. Rxc8+ Kf7 35. fxe6+ Kxe6 36. Re8+ Kf7 37. Rb8 d4 38. Kf3 d3 39. Rc8 Nxe5+ 40. Ke4 d2 0-1